Nomes mais populares em Portugal (2018) - Statistics

Estatísticas Gerais
  • Esse quiz foi jogado 85 vezes
  • A pontuação média é 15 de 30
Estatísticas das Respostas
Nº de registos Resposta % Correto
5608 Maria
95%
1679 João
90%
958 Pedro
75%
875 Ana
73%
1603 Francisco
64%
903 Mariana
64%
1204 Miguel
60%
1170 Beatriz
57%
1390 Afonso
56%
824 Francisca
55%
1609 Leonor
53%
977 Sofia
53%
1218 Gabriel
52%
798 Inês
51%
1574 Matilde
49%
1257 Rodrigo
49%
1333 Tomás
49%
915 Alice
47%
1169 Carolina
47%
1321 Martim
47%
1340 Duarte
43%
734 Lara
40%
1579 Santiago
40%
802 Margarida
39%
788 Clara
32%
997 Lucas
32%
1246 Lourenço
27%
940 Vicente
27%
827 Benedita
25%
952 Dinis
18%
Nenhum quiz correspondente encontrado
Distribuição das Pontuações
Porcentagem de Pessoas com Cada Pontuação
Percentil de Números Respondidos
Sua Pontuação Histórica
Você não jogou esse quiz